[Event "PAL/CSS Freestyle op 2nd"]
[Site "Playchess.com INT"]
[Date "2006.03.19"]
[Round "8"]
[White "NightMan"]
[Black "Umansky, Mikhail"]
[Result "0-1"]
[WhiteElo "2440"]
[BlackElo "2373"]
[PlyCount "146"]
[EventDate "2006.03.18"]
[EventType "swiss (rapid)"]
[EventRounds "9"]
[EventCountry "GER"]
[SourceTitle "EXT 2007"]
[Source "ChessBase"]
[SourceDate "2006.11.23"]
[SourceVersion "1"]
[SourceVersionDate "2006.11.23"]
[SourceQuality "1"]

1. e4 g6 2. d4 Bg7 3. Nc3 d6 4. f4 Nf6 5. Nf3 0-0 6. Bd3 Na6 7. 0-0 c5 8. d5 Rb8 9. e5 Ne8 10. f5 dxe5 11. fxg6 hxg6 12. Bxa6 bxa6 13. Qe2 Bg4 14. h3 Bxf3 15. Qxf3 Nd6 16. Rb1 Rb4 17. a3 Rc4 18. Qe2 Qd7 19. Bd2 e4 20. Kh1 Rd4 21. Bf4 Nb5 22. Nxe4 Qxd5 23. Nd2 c4 24. Be3 Rh4 25. Nf3 Re4 26. Qf2 c3 27. Rbd1 Qf5 28. b3 Nxa3 29. Bxa7 Re6 30. Rd3 Rd6 31. Rxd6 exd6 32. Rc1 Re8 33. Bd4 Qf4 34. Rf1 Bxd4 35. Nxd4 Qxf2 36. Rxf2 Re4 37. Ne2 Re3 38. Nf4 Re1+ 39. Kh2 Rc1 40. Nd5 Rxc2 41. Rxc2 Nxc2 42. Nxc3 a5 43. Nb5 d5 44. Kg3 f5 45. Kf4 d4 46. Kf3 d3 47. Nd6 Kg7 48. Nc4 Kf6 49. g3 Ke6 50. g4 fxg4+ 51. hxg4 Kd5 52. Nxa5 Kd4 53. Nc4 Kc3 54. Ke4 Nb4 55. Ke5 Kxb3 56. Nd2+ Kc2 57. Ne4 Na2 58. Kd4 Nc1 59. Ke3 Nb3 60. Kf4 Nc5 61. Nd6 g5+ 62. Kxg5 Kc3 63. Nf5 d2 64. Ne3 Kd3 65. Kf4 Ke2 66. Nd5 Nd3+ 67. Kf5 Nf2 68. g5 Kd3 69. Nf4+ Kc4 70. Ng2 Kd4 71. Nh4 d1Q 72. Ke6 Qg4+ 73. Nf5+ Ke4 0-1

[Event "PAL/CSS Freestyle op 2nd"]
[Site "Playchess.com INT"]
[Date "2006.03.19"]
[Round "5"]
[White "Umansky, Mikhail"]
[Black "Peruano"]
[Result "0-1"]
[WhiteElo "2380"]
[BlackElo "2386"]
[PlyCount "146"]
[EventDate "2006.03.18"]
[EventType "swiss (rapid)"]
[EventRounds "9"]
[EventCountry "GER"]
[SourceTitle "EXT 2007"]
[Source "ChessBase"]
[SourceDate "2006.11.23"]
[SourceVersion "1"]
[SourceVersionDate "2006.11.23"]
[SourceQuality "1"]

1. d4 Nf6 2. c4 g6 3. g3 Bg7 4. Bg2 0-0 5. Nc3 d6 6. Nf3 Nc6 7. 0-0 Bf5 8. Bg5 Ne4 9. Nxe4 Bxe4 10. d5 Na5 11. b3 c5 12. Rc1 Bb2 13. Bh6 Re8 14. Bh3 Bxf3 15. exf3 Bxc1 16. Bxc1 e5 17. dxe6 fxe6 18. Re1 e5 19. f4 Nc6 20. f5 Qd7 21. Qd5+ Qf7 22. Qxd6 Nd4 23. fxg6 hxg6 24. Bg2 Rad8 25. Qxc5 b6 26. Qb4 Nc2 27. Qc3 Nxe1 28. Qxe1 e4 29. Bg5 Rd6 30. h4 Qf5 31. Kh2 Kf7 32. Qe2 Rd3 33. Qc2 Qe5 34. Bf4 Qd4 35. Qe2 Kg7 36. Bg5 e3 37. fxe3 Rexe3 38. Bxe3 Qxe3 39. Qg4 Rd2 40. b4 Qe2 41. Qxe2 Rxe2 42. Kh3 Rxa2 43. b5 Kf6 44. Bd5 Kf5 45. c5 Rb2 46. cxb6 axb6 47. Bc6 Rd2 48. Bf3 Rd4 49. Bc6 g5 50. hxg5 Kxg5 51. Bf3 Kf5 52. Bc6 Rd2 53. Bf3 Kg5 54. Bc6 Re2 55. Bf3 Rb2 56. Bc6 Ra2 57. Bd7 Rc2 58. Bc6 Kf6 59. Kg4 Ke5 60. Kg5 Rc1 61. g4 Rg1 62. Bf3 Re1 63. Bc6 Rd1 64. Kh6 Rd6+ 65. Kg5 Rd8 66. Kh6 Rg8 67. g5 Kf5 68. Bd7+ Ke5 69. Bc6 Kf4 70. g6 Kf5 71. Kh7 Rxg6 72. Be4+ Kxe4 73. Kxg6 Kd3 0-1

[Event "PAL/CSS Freestyle op 2nd"]
[Site "Playchess.com INT"]
[Date "2006.03.19"]
[Round "6"]
[White "WoDra"]
[Black "Umansky, Mikhail"]
[Result "1-0"]
[WhiteElo "2521"]
[BlackElo "2362"]
[PlyCount "141"]
[EventDate "2006.03.18"]
[EventType "swiss (rapid)"]
[EventRounds "9"]
[EventCountry "GER"]
[SourceTitle "EXT 2007"]
[Source "ChessBase"]
[SourceDate "2006.11.23"]
[SourceVersion "1"]
[SourceVersionDate "2006.11.23"]
[SourceQuality "1"]

1. e4 g6 2. d4 Bg7 3. Nc3 d6 4. f4 Nf6 5. Nf3 0-0 6. Bd3 Na6 7. 0-0 c5 8. d5 Rb8 9. Kh1 Nc7 10. a4 a6 11. a5 Re8 12. Kg1 b5 13. axb6 Rxb6 14. Re1 e6 15. dxe6 Bxe6 16. Na4 Rb8 17. c4 Bg4 18. h3 Bxf3 19. Qxf3 Ne6 20. Ra3 Nh5 21. g4 Nf6 22. Nc3 Qb6 23. Qg2 Nd4 24. g5 Nh5 25. Nd5 Qa7 26. Rd1 a5 27. Kh1 a4 28. Rf1 Qd7 29. Kg1 Rb3 30. Rxb3 axb3 31. Bd2 Ne6 32. Be2 Nhxf4 33. Nxf4 Nxf4 34. Bxf4 Bxb2 35. Qf3 Bd4+ 36. Kg2 b2 37. Rb1 Qe7 38. Bd3 Rb8 39. Qd1 Be5 40. Bd2 Qb7 41. Bc2 Qe7 42. Qf3 Kg7 43. Kf2 Bd4+ 44. Ke2 Kg8 45. Qg3 Be5 46. Qg4 f6 47. Rf1 Bd4 48. gxf6 Bxf6 49. Bh6 Bg7 50. Bg5 Qe8 51. Bf4 Be5 52. h4 Bxf4 53. Qxf4 Qe6 54. Kd2 Kg7 55. h5 Kg8 56. hxg6 Qxg6 57. e5 dxe5 58. Qh4 Qg7 59. Be4 h6 60. Kc2 Kh8 61. Qf2 Qe7 62. Kb1 Rd8 63. Qf5 Qg7 64. Qe6 Qg5 65. Qb6 Rg8 66. Qxc5 Re8 67. Qc6 Rg8 68. Qc7 Qg7 69. Qd6 Re8 70. Kxb2 Kg8 71. Rf6 1-0

[Event "PAL/CSS Freestyle op 2nd"]
[Site "Playchess.com INT"]
[Date "2006.03.18"]
[Round "4"]
[White "Umansky, Mikhail"]
[Black "Pulanu"]
[Result "1/2-1/2"]
[WhiteElo "2375"]
[BlackElo "2479"]
[PlyCount "86"]
[EventDate "2006.03.18"]
[EventType "swiss (rapid)"]
[EventRounds "9"]
[EventCountry "GER"]
[SourceTitle "EXT 2007"]
[Source "ChessBase"]
[SourceDate "2006.11.23"]
[SourceVersion "1"]
[SourceVersionDate "2006.11.23"]
[SourceQuality "1"]

1. d4 Nf6 2. c4 e6 3. g3 d5 4. Bg2 Be7 5. Nf3 0-0 6. 0-0 dxc4 7. Qc2 a6 8. a4 Bd7 9. Qxc4 Nc6 10. Ne5 Nd5 11. Nc3 Na5 12. Qd3 Nb4 13. Qd1 f6 14. Nxd7 Qxd7 15. e4 Rad8 16. Bf4 c6 17. Re1 Bd6 18. e5 Bc7 19. Bh3 f5 20. Bg5 Rc8 21. Ne2 c5 22. Bd2 Nbc6 23. d5 exd5 24. Nf4 Nc4 25. Bg2 Nxd2 26. Qxd2 d4 27. Bd5+ Kh8 28. Be6 Qd8 29. Bxc8 Qxc8 30. e6 Ba5 31. Qe2 Bxe1 32. Rxe1 Re8 33. Qh5 d3 34. Qxf5 Nd4 35. Qxd3 g5 36. Qe4 gxf4 37. Qe5+ Kg8 38. Qg5+ Kf8 39. Qf6+ Kg8 40. Qf7+ Kh8 41. Qf6+ Kg8 42. Qg5+ Kf8 43. Qf6+ Kg8 1/2-1/2

[Event "Champions Challenge 101st"]
[Site "Playchess.com INT"]
[Date "2005.07.02"]
[Round "1.1"]
[White "Brunner, Nicolas"]
[Black "Umansky, Mikhail"]
[Result "1-0"]
[WhiteElo "2386"]
[BlackElo "2332"]
[PlyCount "81"]
[EventDate "2005.07.02"]
[EventType "k.o. (blitz)"]
[EventRounds "5"]
[EventCountry "GER"]
[SourceTitle "EXT 2007"]
[Source "ChessBase"]
[SourceDate "2006.11.23"]
[SourceVersion "1"]
[SourceVersionDate "2006.11.23"]
[SourceQuality "1"]

1. e4 g6 2. d4 Bg7 3. Nc3 d6 4. Be3 a6 5. Qd2 Nd7 6. Nf3 b5 7. Bd3 Bb7 8. a4 b4 9. Ne2 c5 10. c3 Ngf6 11. Ng3 a5 12. Bh6 0-0 13. h4 bxc3 14. bxc3 cxd4 15. cxd4 e5 16. h5 exd4 17. Bxg7 Kxg7 18. hxg6 fxg6 19. Nxd4 Nc5 20. Bc2 Qe8 21. f3 Qe5 22. Nge2 d5 23. exd5 Bxd5 24. Rd1 Rae8 25. Qh6+ Kf7 26. Kf1 Bc4 27. Rd2 Qe3 28. Qxe3 Rxe3 29. Rh4 Rfe8 30. Kf2 Ba6 31. Ng3 R3e5 32. Nc6 R5e6 33. Nxa5 Kg7 34. Rhd4 Kh8 35. Nc4 Nh5 36. Nxh5 gxh5 37. Nd6 Re2+ 38. Kg3 Rg8+ 39. Kh4 Re1 40. Nf7+ Kg7 41. Ng5 1-0